<?xml version="1.0" encoding="UTF-8"?>
<record
    xmlns:xsi="http://www.w3.org/2001/XMLSchema-instance"
    xsi:schemaLocation="http://www.loc.gov/MARC21/slim http://www.loc.gov/standards/marcxml/schema/MARC21slim.xsd"
    xmlns="http://www.loc.gov/MARC21/slim">

  <leader>00972nam a22001697a 4500</leader>
  <controlfield tag="003">OSt</controlfield>
  <controlfield tag="005">20250203120534.0</controlfield>
  <controlfield tag="008">250203s2022    ag ||||| |||| 00| p spa d</controlfield>
  <datafield tag="020" ind1=" " ind2=" ">
    <subfield code="a">9789878429199</subfield>
  </datafield>
  <datafield tag="040" ind1=" " ind2=" ">
    <subfield code="c">besoc</subfield>
  </datafield>
  <datafield tag="100" ind1="1" ind2=" ">
    <subfield code="a">Hern&#xE1;ndez, Fausto</subfield>
    <subfield code="d">1987-1959</subfield>
    <subfield code="e">autor</subfield>
  </datafield>
  <datafield tag="245" ind1="1" ind2="0">
    <subfield code="a">Ensue&#xF1;o :</subfield>
    <subfield code="b">La Muerte la llevamos dentro /</subfield>
    <subfield code="c">Fausto Hern&#xE1;ndez</subfield>
  </datafield>
  <datafield tag="260" ind1=" " ind2=" ">
    <subfield code="a">Rosario :</subfield>
    <subfield code="b">emr,</subfield>
    <subfield code="c">2018</subfield>
  </datafield>
  <datafield tag="520" ind1=" " ind2=" ">
    <subfield code="a">Poco antes de su muerte, ocurrida el 5 de mayo de 1959, Fausto Hern&#xE1;ndez entreg&#xF3; a su amigo el pintor Julio Vanzo (1901-1984) una copia mecanografiada de un nuevo libro, Ensue&#xF1;o, del cual hab&#xED;a sido publicado un adelanto en 1941 en el primer n&#xFA;mero de la revista Paran&#xE1; dirigida por Montes i Bradley. Esta copia se conserv&#xF3; entre las pertenencias de Vanzo y fue descubierta recientemente, lo que explica que Ensue&#xF1;o se haya mantenido in&#xE9;dito y desconocido hasta este momento. [Nota del editor]</subfield>
  </datafield>
  <datafield tag="650" ind1=" " ind2="4">
    <subfield code="a">Literatura argentina</subfield>
    <subfield code="v">Poes&#xED;a</subfield>
    <subfield code="y">Siglo XX</subfield>
  </datafield>
  <datafield tag="942" ind1=" " ind2=" ">
    <subfield code="2">udc</subfield>
    <subfield code="c">OG</subfield>
    <subfield code="n">0</subfield>
  </datafield>
  <datafield tag="999" ind1=" " ind2=" ">
    <subfield code="c">415</subfield>
    <subfield code="d">415</subfield>
  </datafield>
  <datafield tag="952" ind1=" " ind2=" ">
    <subfield code="0">0</subfield>
    <subfield code="1">0</subfield>
    <subfield code="2">udc</subfield>
    <subfield code="4">0</subfield>
    <subfield code="7">0</subfield>
    <subfield code="8">CG</subfield>
    <subfield code="a">ESOCIALES</subfield>
    <subfield code="b">ESOCIALES</subfield>
    <subfield code="d">2025-02-03</subfield>
    <subfield code="l">0</subfield>
    <subfield code="o">82-1(821.6) H557</subfield>
    <subfield code="p">000043</subfield>
    <subfield code="r">2025-02-03 00:00:00</subfield>
    <subfield code="w">2025-02-03</subfield>
    <subfield code="y">OG</subfield>
  </datafield>
</record>
